| 000 | 00839nam a2200301 b 4500 | ||
|---|---|---|---|
| 001 | 00483542 | ||
| 003 | DO-SdBNP | ||
| 005 | 20180213134621.0 | ||
| 007 | 00483542 | ||
| 008 | 960619s1974 sp | ||| ||spa | ||
| 016 | 7 |
_a _2BPMSU |
|
| 017 |
_a _b |
||
| 020 | _a842260573 | ||
| 035 | _a | ||
| 040 |
_aBPMSU _bspa _cBPMSU _e |
||
| 041 | 1 |
_aspa _h |
|
| 080 | _a | ||
| 100 | 1 |
_aCooper, James Fenimore _d1789-1851 |
|
| 240 | 1 | 4 |
_aThe last of the Mohicans _lEspañol |
| 245 | 1 | 3 |
_aEl último mohicano / _cJames Fenimore Cooper : ilustración ballestar _h |
| 260 |
_aBarcelona : _bCírculo de Lectores _c1974 |
||
| 300 |
_a255 p. : _b _c23 cm |
||
| 490 | _aCirculos de lectores | ||
| 830 | _pCirculo de lectores | ||
| 942 |
_2ddc _cBK |
||
| 945 | _aInventariado, 2018/ YL | ||
| 956 |
_2VMATEO _310 _620160321 _8BPMSU _a00151 |
||
| 999 |
_c9335 _d9335 |
||